Online
Catalog

Directorio judicial República Dominicana / (Record no. 29697)

MARC details
000 -CABECERA
campo de control de longitud fija 01588nam a2200277 a 4500
001 - NÚMERO DE CONTROL
campo de control 000030205
003 - IDENTIFICADOR DEL NÚMERO DE CONTROL
campo de control DO-SdBNP
005 - FECHA Y HORA DE LA ÚLTIMA TRANSACCIÓN
campo de control 20260325092010.0
007 - CAMPO FIJO DE DESCRIPCIÓN FÍSICA--INFORMACIÓN GENERAL
campo de control de longitud fija ta
008 - DATOS DE LONGITUD FIJA--INFORMACIÓN GENERAL
campo de control de longitud fija 110504s2004 dr bc 000 0 spa d
040 ## - FUENTE DE LA CATALOGACIÓN
Centro catalogador/agencia de origen DO-SdBNP
Lengua de catalogación spa
Centro/agencia transcriptor BNPHU
Normas de descripción rda
082 #4 - NÚMERO DE LA CLASIFICACIÓN DECIMAL DEWEY
Número de documento/Ítem R426d
Número de edición 22
110 1# - ENTRADA PRINCIPAL--NOMBRE DE ENTIDAD CORPORATIVA
Nombre de entidad corporativa o nombre de jurisdicción como elemento de entrada República Dominicana.
Unidad subordinada Suprema Corte de Justicia
9 (RLIN) 7906
Código de función/relación autor
245 10 - MENCIÓN DE TÍTULO
Título Directorio judicial República Dominicana /
Mención de responsabilidad, etc. presentación, Jorge A. Subero Isa.
264 #1 - PRODUCCIÓN, PUBLICACIÓN, DISTRIBUCIÓN, FABRICACIÓN Y COPYRIGHT
Producción, publicación, distribución, fabricación y copyright Santo Domingo :
Nombre del de productor, editor, distribuidor, fabricante Suprema Corte de Justicia,
Fecha de producción, publicación, distribución, fabricación o copyright 2004
300 ## - DESCRIPCIÓN FÍSICA
Extensión 137 páginas :
Otras características físicas ilustraciones, fotografías, mapas ;
Dimensiones 21 cm.
336 ## - TIPO DE CONTENIDO
Fuente rdaconten
Término de tipo de contenido texto
Código de tipo de contenido txt
337 ## - TIPO DE MEDIO
Fuente rdamedia
Nombre/término del tipo de medio sin medición
Código del tipo de medio n
338 ## - TIPO DE SOPORTE
Fuente rdacarrier
Nombre/término del tipo de soporte volumen
Código del tipo de soporte nc
505 0# - NOTA DE CONTENIDO CON FORMATO
Nota de contenido con formato Departamento Judicial de Barahona.
Título Departamento Judicial del Distrito Nacional.--
-- Departamento Judicial de la Vega.--
-- Departamento Judicial de Montecristi.--
-- Departamento Judicial de San Cristóbal.--
-- Departamento Judicial de San Francisco de Macorís.--
-- Departamento Judicial de San Juan de la Maguana.--
-- Departamento Judicial de San Pedro de Macorís.--
-- Departamento Judicial de Santiago.--
-- Departamento Judicial de la Provincia de Santo Domingo.--
-- Directorio de Registradores de Títulos.--.--
-- Directorio de los encargados Administrativos a nivel nacional.--
-- Glosario.
590 ## - NOTA LOCAL (RLIN)
Nota local Inventariado 2023 / MF
650 #0 - PUNTO DE ACCESO ADICIONAL DE MATERIA--TÉRMINO DE MATERIA
Término de materia o nombre geográfico como elemento de entrada Poder judicial
Subdivisión general Directorio
Subdivisión cronológica República Dominicana
9 (RLIN) 556
650 #4 - PUNTO DE ACCESO ADICIONAL DE MATERIA--TÉRMINO DE MATERIA
Término de materia o nombre geográfico como elemento de entrada República Dominicana
Subdivisión general Directorio Judicial
9 (RLIN) 76887
710 1# - PUNTO DE ACCESO ADICIONAL--NOMBRE DE ENTIDAD CORPORATIVA
Nombre de entidad corporativa o nombre de jurisdicción como elemento de entrada Centro de Documentación e Información Judicial Dominicano
9 (RLIN) 55480
942 ## - ELEMENTOS DE PUNTO DE ACCESO ADICIONAL (KOHA)
Fuente del sistema de clasificación o colocación Dewey Decimal Classification
Tipo de ítem Koha Libro
Holdings
Estado de retiro Estado de pérdida Fuente del sistema de clasificación o colocación Restricciones de uso No para préstamo Código de colección Localización permanente Ubicación/localización actual Ubicación en estantería Fecha de adquisición Fuente de adquisición Signatura topográfica completa Código de barras Fecha visto por última vez Número de copia Precio válido a partir de Tipo de ítem Koha
    Dewey Decimal Classification Préstamo en sala   Dominicana de Servicio Biblioteca Nacional Pedro Henríquez Ureña Biblioteca Nacional Pedro Henríquez Ureña En catalogación 15.04.2011 Depósito legal R426 30205-30 25.06.2020 e. 3 25.06.2020 Libro
    Dewey Decimal Classification Préstamo restringido   Patrimonio Dominicano Biblioteca Nacional Pedro Henríquez Ureña Biblioteca Nacional Pedro Henríquez Ureña En catalogación 15.04.2011 Depósito legal R426 30205-10 25.06.2020   25.06.2020 Libro
    Dewey Decimal Classification Préstamo restringido   Patrimonio Dominicano Biblioteca Nacional Pedro Henríquez Ureña Biblioteca Nacional Pedro Henríquez Ureña En catalogación 15.04.2011   R426 30205-20 25.06.2020 e. 2 25.06.2020 Libro
    Dewey Decimal Classification Préstamo en sala   Dominicana de Servicio Biblioteca Nacional Pedro Henríquez Ureña Biblioteca Nacional Pedro Henríquez Ureña En catalogación 15.04.2018 Donado por CERTV R426d 2023-2832 27.06.2023 e.4 27.06.2023 Libro
    Dewey Decimal Classification Préstamo en sala   Dominicana de Servicio Biblioteca Nacional Pedro Henríquez Ureña Biblioteca Nacional Pedro Henríquez Ureña En catalogación 15.04.2018 Donado por CERTV R426d 2023-2833 27.06.2023 e.5 27.06.2023 Libro

Powered by Koha